000 00484nam a2200157Ii 4500
003 JO-AjNU
008 230605s9999||||xx |||||||||||||| ||und||
040 _aJO-AjNU
_bara
_erda
_cJO-AjNU
041 _aara
050 1 4 _aBP173.758.S2534
100 3 _aسمحان، حسين محمد ,
_eauthor
_941265
245 0 0 _aالعمليات المصرفية الإسلامية
336 _atext
_btxt
_2rdacontent
337 _aunmediated
_bn
_2rdamedia
338 _avolume
_bnc
_2rdacarrier
999 _aA17579
_c21147
_d21147